Southville International School and Colleges
Your cart is empty.
  • Cart
  • Lists
    Public lists Eva Luna New books Lux_list list_1
    Your lists Log in to create your own lists
  • Log in to your account
  • Your cookies
  • Search history
Southville International School and Colleges
  • Advanced search
  • Recent comments
  • Most popular
  • Libraries

Log in to your account

Log in with GOOGLE


If you do not have an external account, but do have a local account, you can still log in:

  1. Home
  2. MARC view: What the Moon Saw ;
Normal view MARC view ISBD view

What the Moon Saw ; (Record no. 256255)

[ view plain ]
MARC details
000 -LEADER
fixed length control field 00934cam a22002893a 4500
001 - CONTROL NUMBER
control field 27000
003 - CONTROL NUMBER IDENTIFIER
control field PGUSA
005 - DATE AND TIME OF LATEST TRANSACTION
control field 20140828083601.0
008 - FIXED-LENGTH DATA ELEMENTS--GENERAL INFORMATION
fixed length control field 081024s2008||||xxu|||||s|||||000 | eng d
040 ## - CATALOGING SOURCE
Original cataloging agency PGUSA
Language of cataloging eng
042 ## - AUTHENTICATION CODE
Authentication code dc
050 #4 - LIBRARY OF CONGRESS CALL NUMBER
Classification number PZ
100 1# - MAIN ENTRY--PERSONAL NAME
Personal name Andersen, H. C.
Fuller form of name (Hans Christian),
Dates associated with a name 1805-1875
245 10 - TITLE STATEMENT
Title What the Moon Saw ;
Remainder of title and, Other Tales
Medium [electronic resource] /
Statement of responsibility, etc H. C. Andersen
260 ## - PUBLICATION, DISTRIBUTION, ETC. (IMPRINT)
Name of publisher, distributor, etc Project Gutenberg,
Date of publication, distribution, etc 2008
506 ## - RESTRICTIONS ON ACCESS NOTE
Terms governing access Public domain in the USA.
516 ## - TYPE OF COMPUTER FILE OR DATA NOTE
Type of computer file or data note Electronic text
653 ## - INDEX TERM--UNCONTROLLED
Uncontrolled term Fairy tales -- Denmark
653 ## - INDEX TERM--UNCONTROLLED
Uncontrolled term Children's stories, Danish -- Translations into English
700 1# - ADDED ENTRY--PERSONAL NAME
Personal name Dalziel, Edward,
Dates associated with a name 1817-1905
700 1# - ADDED ENTRY--PERSONAL NAME
Personal name Dulcken, H. W.
Fuller form of name (Henry William),
Dates associated with a name 1832-1894
700 1# - ADDED ENTRY--PERSONAL NAME
Personal name Bayes, Alfred Walter,
Dates associated with a name 1832-1909
700 1# - ADDED ENTRY--PERSONAL NAME
Personal name Dalziel, George,
Dates associated with a name 1815-1902
830 #0 - SERIES ADDED ENTRY--UNIFORM TITLE
Uniform title Project Gutenberg
Volume number/sequential designation 27000
856 40 - ELECTRONIC LOCATION AND ACCESS
Uniform Resource Identifier <a href="http://www.gutenberg.org/ebooks/27000">http://www.gutenberg.org/ebooks/27000</a>
942 ## - ADDED ENTRY ELEMENTS (KOHA)
Koha item type eBooks
Holdings
Withdrawn status Lost status Damaged status Home library Current library Date acquired Total Checkouts Date last seen Price effective from Koha item type
      Project Gutenberg Project Gutenberg 08/28/2014   08/28/2014 08/28/2014 eBooks

What the Moon Saw ;

APA

Andersen H. C., Dalziel E., Dulcken H. W., Bayes A. W. & Dalziel G. (2008). What the Moon Saw. : Project Gutenberg.

Chicago

Andersen H C, Dalziel Edward, Dulcken H W, Bayes Alfred Walter and Dalziel George. 2008. What the Moon Saw. : Project Gutenberg.

Harvard

Andersen H. C., Dalziel E., Dulcken H. W., Bayes A. W. and Dalziel G. (2008). What the Moon Saw. : Project Gutenberg.

MLA

Andersen H C, Dalziel Edward, Dulcken H W, Bayes Alfred Walter and Dalziel George. What the Moon Saw. : Project Gutenberg. 2008.

  • Place hold
  • Print
  • Cite
  • Add to your cart (remove)
  • Save record
    BIBTEX Dublin Core MARCXML MARC (non-Unicode/MARC-8) MARC (Unicode/UTF-8) MARC (Unicode/UTF-8, Standard) MODS (XML) RIS
  • More searches
    Search for this title in:
    Other Libraries (WorldCat) Other Databases (Google Scholar) Online Stores (Bookfinder.com) Open Library (openlibrary.org)

Exporting to Dublin Core...

SOUTHVILLE LIBRARY

Southville International School and Colleges Library

1281 Tropical Ave. Cor. Luxembourg St., BF Homes International, Las Pinas City

Tel. No. 8256374 / 252358 Loc. 117/146

Powered by Koha